[Event "ARG-ch"]
[Site "Buenos Aires"]
[Date "1978.??.??"]
[Round "?"]
[White "Casas, Fernando"]
[Black "Garcia, Horacio"]
[Result "1/2-1/2"]
[WhiteElo "2300"]
[BlackElo "2350"]

1.c4 g6 2.d4 Bg7 3.Nc3 d6 4.e4 Nf6 5.Nf3 O-O 6.Be2 Nbd7 7.O-O e5 8.Re1 exd4
9.Nxd4 Nc5 10.Bf1 Re8 11.f3 a5 12.Bg5 c6 13.Qd2 Qb6 14.Be3 Qc7 15.Rad1 Nfd7
16.Kh1 Ne5 17.Nb3 Nxb3 18.axb3 Bf8 19.Na4 Be6 20.Rc1 Nd7 21.Bf4 Ne5 22.Be3 Nd7  1/2-1/2

[Event "ARG-ch"]
[Site "Buenos Aires"]
[Date "1978.??.??"]
[Round "?"]
[White "Anelli, Antonio"]
[Black "Bielicki, Carlos"]
[Result "1/2-1/2"]
[WhiteElo "2325"]
[BlackElo "2245"]

1.Nf3 g6 2.d4 Bg7 3.c4 d6 4.e4 e5 5.Nc3 Nd7 6.Be2 Ngf6 7.O-O O-O 8.Rb1 a5
9.Re1 c6 10.Bf1 exd4 11.Nxd4 Re8 12.Nc2 Nc5 13.f3 Nh5 14.g4 Nf6 15.h3 Nfd7
16.Qxd6 Be5 17.Qd2 Qf6 18.f4 Bxc3 19.Qxc3 Qxc3 20.bxc3 Nxe4 21.Bg2 f5 22.Bxe4 fxe4
23.Ba3 Nf6 24.Ne3 h5 25.g5 Nh7 26.Kh2 Nf8 27.Bxf8 Rxf8 28.Rf1 a4 29.a3 Ra5
30.Kg3 Rc5 31.h4 b5 32.Rfd1 Be6 33.Rd6 Kf7 34.Rb4 Re8 35.Kf2 Bxc4 36.Nxc4 Rxc4
37.Rxc4 bxc4 38.Ke3 Rb8 39.Rxc6 Rb3 40.Rxc4 Rxa3 41.Kxe4 Ra1 42.Kd5 Rd1+
43.Kc5 a3 44.Ra4 Rf1 45.Kb5 Rb1+  1/2-1/2

[Event "Buenos Aires ol (Men)"]
[Site "Buenos Aires"]
[Date "1978.??.??"]
[Round "?"]
[White "Calvo Minguez, Ricardo"]
[Black "Rodriguez, Amador"]
[Result "0-1"]
[WhiteElo "2455"]
[BlackElo "2470"]

1.Nf3 Nf6 2.c4 g6 3.Nc3 Bg7 4.d4 d6 5.e4 O-O 6.Be2 e5 7.d5 a5 8.Bg5 Na6 9.Nd2 h6
10.Be3 Ne8 11.a3 f5 12.f3 Bd7 13.Rb1 Nc5 14.b4 axb4 15.axb4 Na4 16.Qc2 Nf6
17.O-O Nxc3 18.Qxc3 f4 19.Bf2 g5 20.Ra1 Rb8 21.c5 g4 22.Rfc1 g3 23.hxg3 fxg3
24.Bxg3 Nh5 25.Bf2 Qg5 26.Kf1 Nf4 27.g3 Qh5 28.Ke1 Qh1+ 29.Bf1 Nh3 30.Qe3 Ng5
31.Ra3 Bb5 32.Kd1 Nxf3 33.Nxf3 Qxf1+ 34.Kd2 Qh3 35.cxd6 cxd6 36.Qb6 Bf1 37.Nh4 Bf6
38.Rcc3 Bg5+ 39.Kc2 Bg2 40.Nf3 Qg4 41.Qxd6 Qxe4+ 42.Kb2 Bxf3 43.Rxf3 Qe2+
44.Kb1 Qd1+ 45.Ka2 Qc2+ 46.Ka1 Rxf3 47.Qxb8+ Rf8  0-1

[Event "Buenos Aires ol (Men)"]
[Site "Buenos Aires"]
[Date "1978.??.??"]
[Round "?"]
[White "Huss, Andreas"]
[Black "Duer, Arne"]
[Result "1-0"]
[WhiteElo "2340"]
[BlackElo "2365"]

1.d4 Nf6 2.Nf3 g6 3.c4 Bg7 4.Nc3 O-O 5.e4 d6 6.Be2 e5 7.d5 a5 8.Bg5 h6 9.Bh4 Na6
10.Nd2 Qe8 11.a3 Bd7 12.b3 Nh7 13.Rb1 Nc5 14.Qc2 f5 15.f3 h5 16.b4 axb4 17.axb4 Na4
18.Nb5 Bxb5 19.cxb5 Qd7 20.O-O Bh6 21.Bf2 Nb6 22.Ra1 Kh8 23.Rxa8 Rxa8 24.Rc1 fxe4
25.fxe4 Nf6 26.Bd3 Ng4 27.Re1 Nxf2 28.Kxf2 Ra4 29.Qb2 Qd8 30.Nf3 Qa8 31.Bb1 Nc4
32.Qc3 Qa7+ 33.Kg3 Bf4+ 34.Kh3 Ra3 35.Qxc4 Rxf3+ 36.gxf3 Qf2 37.Qe2 Qd4 38.Kg2  1-0

[Event "Buenos Aires ol (Women)"]
[Site "Buenos Aires"]
[Date "1978.??.??"]
[Round "?"]
[White "Muresan, Margareta"]
[Black "Paniagua, B."]
[Result "1-0"]
[WhiteElo "2135"]
[BlackElo "2000"]

1.d4 Nf6 2.c4 g6 3.Nc3 Bg7 4.e4 d6 5.Nf3 O-O 6.Be2 e5 7.Be3 Nc6 8.d5 Ne7
9.Nd2 Nd7 10.b4 f5 11.f3 f4 12.Bf2 g5 13.c5 Nf6 14.Nc4 Ng6 15.cxd6 cxd6 16.Nb5 a6
17.Nbxd6 b5 18.Nxc8 Rxc8 19.Nd2 Rf7 20.Nb3 Bf8 21.Nc5 Bxc5 22.bxc5 Ne8 23.O-O Rfc7
24.Qb3 Kg7 25.a4  1-0

[Event "Clarin"]
[Site "Buenos Aires"]
[Date "1978.??.??"]
[Round "10"]
[White "Najdorf, Miguel"]
[Black "Szmetan, Jorge"]
[Result "1/2-1/2"]
[WhiteElo "2525"]
[BlackElo "2420"]

1.d4 Nf6 2.c4 g6 3.Nc3 Bg7 4.e4 d6 5.Be2 O-O 6.Nf3 e5 7.O-O Nbd7 8.Re1 c6
9.Rb1 a5 10.Bf1 exd4 11.Nxd4 Re8 12.f3 d5 13.exd5 Rxe1 14.Qxe1 cxd5 15.Ndb5 dxc4
16.Bf4 Nc5 17.Bxc4 Be6 18.Rd1 Qc8 19.Bf1 Ne8 20.Qf2 a4 21.Be3 Nd7 22.Nd5 Bxd5
23.Rxd5 Nc7 24.Nd6 Qb8 25.Rd2 Ne5 26.Bb6 Ne6 27.f4 Ng4 28.Qf3 Bf8 29.Nxf7 Qxf4
30.Qxf4 Nxf4 31.Bc4 Nf6 32.Be3 b5 33.Bxb5 N4d5 34.Nh6+ Kg7 35.Bg5 Bc5+ 36.Kh1 a3
37.bxa3 Rxa3 38.h3 Be3 39.Bxe3 Nxe3 40.Ng4 Nexg4 41.hxg4 Nxg4 42.Bd7 Ne5
43.Be6 Kf6 44.Bb3 Ra5 45.Kg1 h5 46.Kf2 Ng4+ 47.Ke2 Re5+ 48.Kd3 Re3+ 49.Kd4 Rg3
50.Bd5 Ne3 51.Be4  1/2-1/2

[Event "URS-ch sf"]
[Site "Daugavpils"]
[Date "1978.??.??"]
[Round "?"]
[White "Fokin, Sergey"]
[Black "Rytov, Boris"]
[Result "1/2-1/2"]
[WhiteElo "2200"]
[BlackElo "2200"]

1.d4 Nf6 2.Nf3 g6 3.c4 Bg7 4.Nc3 d6 5.e4 O-O 6.Be2 e5 7.O-O Nbd7 8.Re1 Re8
9.d5 Nc5 10.Bf1 a5 11.Nd2 Bh6 12.Nb3 Nxb3 13.axb3 Bxc1 14.Qxc1 Bd7 15.Qd2 b6
16.g3 Nh5 17.b4 axb4 18.Nb5 Bxb5 19.cxb5 f5 20.exf5 Rxa1 21.Rxa1 gxf5 22.Qxb4 e4
23.Qc3 Re7 24.Be2 Ng7 25.Qc6 Qd7 26.Ra8+ Kf7 27.Qc1 Re8 28.Ra7 Rc8 29.Qg5 Qe7
30.Qh6 Kg8 31.h4 Qe5 32.Qc1 Ne8 33.h5 Kh8 34.Qc6 Qxb2 35.Qd7 Qxe2 36.Qxf5 Qd1+
37.Kh2 Qf3 38.Qxc8 Qxf2+ 39.Kh3 Qf1+ 40.Kh4 Qf6+  1/2-1/2

[Event "URS-ch sf"]
[Site "Daugavpils"]
[Date "1978.??.??"]
[Round "?"]
[White "Yuferov, Sergey  N"]
[Black "Zlotnik, Boris A"]
[Result "1-0"]
[WhiteElo "2450"]
[BlackElo "2430"]

1.d4 d6 2.Nf3 Nf6 3.c4 g6 4.Nc3 Bg7 5.e4 O-O 6.Be2 e5 7.O-O Nbd7 8.Re1 c6
9.Bf1 h6 10.dxe5 dxe5 11.h3 Qe7 12.Be3 Nc5 13.Qc2 Nh5 14.g3 Ne6 15.Rad1 Ng5
16.Nxg5 hxg5 17.Na4 b6 18.c5 b5 19.Nc3 Be6 20.Rd6 Rac8 21.a4 b4 22.Nb1 Bf6
23.Nd2 Nf4 24.h4 Nh5 25.hxg5 Bxg5 26.Bc4 Ng7 27.Nf3 Bxe3 28.Rxe3 Ne8 29.Bxe6 Nxd6
30.Bxc8 Nxc8 31.Rd3 Kg7 32.Qc4 a5 33.Nd2 Qg5 34.b3 Qg4 35.Nf3 Qh5 36.Nh4 Qe2
37.Kg2 Ne7 38.Nf3 f6 39.Ng1 Qe1 40.Rd7 Rf7 41.Nf3 Qc3 42.Nd2 g5 43.Qe6 Qxc5
44.Nc4 Kg6 45.Rd5 cxd5 46.Nxe5+ Kh6 47.Nxf7+ Kg7 48.Nd6 Ng8 49.Qf7+ Kh8 50.Nf5  1-0

[Event "Eerbeek"]
[Site "Eerbeek"]
[Date "1978.??.??"]
[Round "2"]
[White "Rogers, Ian"]
[Black "Baljon, Christofoor"]
[Result "1/2-1/2"]
[WhiteElo "2400"]
[BlackElo "2220"]

1.c4 g6 2.d4 Nf6 3.Nc3 Bg7 4.e4 O-O 5.Be2 d6 6.Nf3 e5 7.d5 Nbd7 8.O-O Nc5
9.Qc2 a5 10.Bg5 h6 11.Be3 Ne8 12.Nd2 f5 13.exf5 Bxf5 14.Nde4 Qh4 15.Bf3 Nxe4
16.Bxe4 Nf6 17.f3 Bxe4 18.Nxe4 Nxe4 19.Qxe4 Qxe4 20.fxe4 b6 21.b3 Rxf1+ 22.Rxf1 Rf8
23.Rf2 Rxf2 24.Kxf2 Kf7 25.Ke2 Ke7 26.Kd3 Kd7 27.Kc3 Kc8 28.Kb2 Kb7 29.Ka3 Ka6
30.Ka4 Bf8 31.Bd2 Bg7 32.a3 Bf8 33.b4 axb4 34.axb4 Bg7 35.Bc1 Bf8 36.Be3 Bg7
37.c5 b5+ 38.Kb3 Kb7 39.c6+ Kc8 40.Kc3 Kd8 41.Kd3 Ke7 42.Ba7 h5 43.Be3 Bf6
44.Ke2 g5 45.Kf3 Kf7 46.Kg3 Kg6 47.h3 Bd8 48.h4 g4 49.Bf2 Be7 50.Kh2 Bd8
51.Bg3 Bf6 52.Kg1 Bg7 53.Kf2 Bf6 54.Ke2 Bg7 55.Bh2 Bf6 56.g3 Bd8 57.Bg1 Bf6
58.Be3 Be7 59.Bc1 Bf6 60.Bb2 Be7 61.Ba1 Bf6 62.Kf1 Be7 63.Kg1 Bf6 64.Kh1 Be7  1/2-1/2

[Event "DDR-ch 27th"]
[Site "Eggesin/Torgelow"]
[Date "1978.??.??"]
[Round "4"]
[White "Starck, Bodo"]
[Black "Hesse, Peter"]
[Result "1/2-1/2"]
[WhiteElo "2310"]
[BlackElo "2415"]

1.d4 Nf6 2.c4 g6 3.Nc3 Bg7 4.e4 d6 5.Nf3 O-O 6.Be2 e5 7.dxe5 dxe5 8.Qxd8 Rxd8
9.Bg5 Re8 10.O-O-O Na6 11.Ne1 h6 12.Be3 Ng4 13.Bxg4 Bxg4 14.f3 Be6 15.b3 c6
16.Nc2 Bf8 17.Rd2 Nc5 18.Rhd1 a5 19.Kb2 Kg7 20.Ne1 Be7 21.Nd3 Nxd3+ 22.Rxd3 Red8
23.Rxd8 Bxd8 24.Na4 Be7 25.Nb6 Re8 26.Bd2 g5 27.Bxa5 g4 28.fxg4 Bxg4 29.Rd3 h5
30.Be1 f6 31.Bf2 Be2 32.Rd7 Kg6 33.Rxb7 Bd3 34.g3 Bxe4 35.Na4 Rd8 36.Rxe7 Rd2+
37.Kc3 Rxf2 38.Nc5 Kf5 39.a4 Rxh2 40.a5 Rh3 41.a6 Rxg3+ 42.Kb4 Rg8 43.a7 Bf3
44.Ka5 h4 45.Rh7 Ra8 46.Kb6 Kg4 47.Kb7 Rg8 48.a8=Q Rxa8 49.Kxa8 h3 50.Nd7 Kg3
51.Rg7+ Kf2 52.Rh7 Kg3 53.Rg7+ Kf2 54.Rh7  1/2-1/2

[Event "DDR-ch 27th"]
[Site "Eggesin/Torgelow"]
[Date "1978.??.??"]
[Round "5"]
[White "Liebert, Heinz"]
[Black "Knaak, Rainer"]
[Result "0-1"]
[WhiteElo "2420"]
[BlackElo "2520"]

1.Nf3 Nf6 2.c4 g6 3.Nc3 Bg7 4.d4 d6 5.e4 O-O 6.Be2 Nbd7 7.O-O e5 8.Re1 c6
9.Bf1 a5 10.Rb1 exd4 11.Nxd4 Re8 12.b3 Ng4 13.Qxg4 Bxd4 14.Qg3 Qf6 15.Bb2 Nc5
16.Rbd1 Be5 17.Qe3 g5 18.Qd2 a4 19.b4 Ne6 20.Re3 g4 21.a3 Ng5 22.Qc2 Qh6
23.Rg3 Qg7 24.Nxa4 Bxb2 25.Nxb2 Nxe4 26.Re3 Bf5 27.Bd3 Rxa3 28.Rxe4 Bxe4
29.Bxe4 Rc3 30.Qb1 Rb3 31.Rd2 f5 32.Bxf5 Qc3 33.Rd1 Rxb2 34.Qa1 Rd2 35.Bxg4 Rxd1+  0-1

[Event "Esbjerg"]
[Site "Esbjerg"]
[Date "1978.??.??"]
[Round "12"]
[White "Kristiansen, Jens"]
[Black "Hoi, Carsten"]
[Result "1/2-1/2"]
[WhiteElo "2395"]
[BlackElo "2340"]

1.Nf3 Nf6 2.c4 g6 3.Nc3 Bg7 4.e4 d6 5.d4 O-O 6.Be2 Nbd7 7.O-O e5 8.Be3 Ng4
9.Bg5 f6 10.Bh4 Nh6 11.Qc2 c6 12.Rad1 Qe7 13.c5 dxc5 14.dxe5 Nxe5 15.Nxe5 Qxe5
16.Bg3 Qe8 17.Qb3+ Kh8 18.Bd6 Rf7 19.Bc4 Rd7 20.Bxc5 Rxd1 21.Rxd1 b5 22.Be2 Be6
23.Qc2 a5 24.f4 Rd8 25.a4 b4 26.Rxd8 Qxd8 27.Nd1 f5 28.e5 g5 29.g3 gxf4 30.gxf4 Qh4
31.Qd2 Ng4 32.Bf3 Bc4 33.Ne3 Nxe3 34.Bxe3 Bd5 35.Bxd5 cxd5 36.Qxd5 Qe1+ 37.Kg2 Qe2+
38.Bf2 h6 39.b3 Qg4+ 40.Bg3 Qe2+ 41.Kg1 Qe3+ 42.Kf1 Kh7 43.Qd7 Qxb3 44.Qxf5+ Kh8
45.e6 Qd1+ 46.Be1 Qxa4 47.e7 Qe8 48.Qe4 Bf6 49.Bxb4 axb4 50.Qxb4 Bxe7 51.Qd4+ Kh7
52.Qe4+ Kg7 53.Qe5+  1/2-1/2

[Event "Wch U20"]
[Site "Graz"]
[Date "1978.??.??"]
[Round "7"]
[White "Cordes, Hans Joerg"]
[Black "Mateu, Xavier"]
[Result "1/2-1/2"]
[WhiteElo "2200"]
[BlackElo "2200"]

1.d4 Nf6 2.c4 g6 3.Nc3 Bg7 4.e4 d6 5.Be2 O-O 6.Nf3 e5 7.d5 Nbd7 8.O-O a5
9.Qc2 Nc5 10.Bg5 h6 11.Be3 Nfd7 12.Nd2 f5 13.exf5 gxf5 14.f4 exf4 15.Bxf4 Ne5
16.Nf3 Ng6 17.Be3 Qe7 18.Qd2 f4 19.Bd4 Ne5 20.h3 Bd7 21.Rae1 Rae8 22.Kh2 b6
23.Nxe5 dxe5 24.Bh5 exd4 25.Rxe7 Rxe7 26.Nb5 Bxb5 27.cxb5 Ne4 28.Qe1 Re5
29.Bg4 Ng3 30.Qd1 Nxf1+ 31.Qxf1 Kh8 32.Qc4 Re1 33.Bf3 Be5 34.Qc6 Bd6 35.Qc4 Bc5
36.a3 Rfe8 37.b4 axb4 38.axb4 Bd6 39.Qxd4+ R1e5 40.h4 Kg8 41.Qd2 Kg7 42.h5 Rg5
43.Qc3+ Ree5 44.Kg1 Kf8 45.Qd4 Ke7 46.Qc3 Kf7  1/2-1/2

[Event "Wch U20"]
[Site "Graz"]
[Date "1978.??.??"]
[Round "11"]
[White "Petursson, Margeir"]
[Black "Mokry, Karel"]
[Result "1/2-1/2"]
[WhiteElo "2350"]
[BlackElo "2310"]

1.d4 Nf6 2.c4 g6 3.Nc3 Bg7 4.e4 d6 5.Be2 O-O 6.Nf3 e5 7.dxe5 dxe5 8.Qxd8 Rxd8
9.Bg5 Re8 10.O-O-O Na6 11.Ne1 h6 12.Be3 Ng4 13.Bxg4 Bxg4 14.Rd2 c6 15.Nc2 Bf8
16.b3 Kh7 17.Kb2 Be6 18.Rhd1 Kg7 19.f3 Be7 20.Ne1 Bc5 21.Bxc5 Nxc5 22.Nd3 Nxd3+
23.Rxd3 Rac8 24.Na4 Rc7 25.Kc3 Kf6 26.c5 Ke7 27.Nb2 Rd7 28.Rxd7+ Bxd7 29.Nc4 f6
30.Nd6 Rb8 31.g3 Be6 32.f4 b6 33.cxb6 axb6 34.Nc4 Bxc4 35.Kxc4 exf4 36.gxf4 g5
37.a4 Ke6 38.Rf1 Rd8 39.b4 Rd2 40.a5 bxa5 41.bxa5 Ra2  1/2-1/2

[Event "Jurmala"]
[Site "Jurmala"]
[Date "1978.??.??"]
[Round "1"]
[White "Sahovic, Dragutin"]
[Black "Gufeld, Eduard"]
[Result "1/2-1/2"]
[WhiteElo "2490"]
[BlackElo "2525"]

1.d4 Nf6 2.c4 g6 3.Nc3 Bg7 4.e4 d6 5.Nf3 O-O 6.Be2 e5 7.Be3 Ng4 8.Bg5 f6
9.Bc1 Nc6 10.h3 exd4 11.Nxd4 Nge5 12.Nxc6 bxc6 13.f4 Nd7 14.O-O Rb8 15.Qc2 f5
16.exf5 gxf5 17.Be3 c5 18.Rae1 Qh4 19.Bd3 Nf6 20.b3 Nh5 21.Nd5 Qd8 22.Bf2 Kh8
23.Qd1 c6 24.Qxh5 cxd5 25.cxd5 Qf6 26.Kh2 Bd7 27.Bh4 Qd4 28.Qf3 Bf6 29.Bxf6+ Qxf6
30.Qd1 a5 31.Qa1 Qxa1 32.Rxa1 a4 33.Bc4 Kg7 34.Rfe1 Kf6 35.Re3 Rfe8 36.Rae1 Rxe3
37.Rxe3 a3 38.Kg3 Rg8+ 39.Kf2 h5 40.Rg3 Rxg3 41.Kxg3 Be8 42.Kf2 h4 43.Ke3 Ke7
44.Kd2 Kd8 45.Kc3 Kc7 46.b4 Kb6 47.Kb3 cxb4 48.Kxb4 Bd7 49.Be2 Bc8 50.Bf3 Ba6
51.Kxa3 Kc5 52.Kb2 Kd4 53.a4 Ke3 54.Kc3 Kxf4 55.Kb4 Kg3 56.Ka5 Bf1 57.Kb6 Bxg2
58.Bxg2 Kxg2 59.a5 f4 60.a6 f3 61.a7 f2 62.a8=Q f1=Q 63.Qg8+ Kh2 64.Qe6 Qxh3
65.Qxd6+ Qg3 66.Qc5  1/2-1/2

[Event "Jurmala"]
[Site "Jurmala"]
[Date "1978.??.??"]
[Round "13"]
[White "Sahovic, Dragutin"]
[Black "Knaak, Rainer"]
[Result "1/2-1/2"]
[WhiteElo "2490"]
[BlackElo "2520"]

1.d4 Nf6 2.Nf3 g6 3.c4 d6 4.Nc3 Nbd7 5.e4 e5 6.Be2 Bg7 7.O-O O-O 8.Be3 Ng4
9.Bg5 f6 10.Bd2 c6 11.b4 f5 12.dxe5 Ndxe5 13.exf5 gxf5 14.Nxe5 dxe5 15.Rc1 Be6
16.h3 Nh6 17.Be3 Qc7 18.f4 Rad8 19.Qa4 exf4 20.Bxf4 Bd4+ 21.Kh1 Qg7 22.Nb1 Ng4
23.Qb3 Nf2+ 24.Kh2 Ne4 25.Qf3 Kh8 26.Nd2 Be5 27.Nxe4 fxe4 28.Qe3 Rxf4 29.Rxf4 Bxh3
30.gxh3 Rf8 31.Rf1 Qg5 32.Kh1 Rxf4 33.Rxf4 Qxf4 34.Qxf4 Bxf4 35.Bg4 Bd2 36.b5 Kg7
37.Kg2 Kf6 38.Bc8 cxb5 39.cxb5 b6 40.Kf2 Ke5 41.Ke2 Bg5 42.Bb7 Kd4 43.Bc6 e3
44.Bd7 Kc5 45.Be8  1/2-1/2

[Event "Kiev"]
[Site "Kiev"]
[Date "1978.??.??"]
[Round "10"]
[White "Adamski, Jan"]
[Black "Savon, Vladimir A"]
[Result "1/2-1/2"]
[WhiteElo "2470"]
[BlackElo "2560"]

1.Nf3 Nf6 2.c4 g6 3.Nc3 Bg7 4.e4 d6 5.d4 O-O 6.Be2 e5 7.O-O Nbd7 8.Qc2 c6
9.Be3 Qe7 10.Rad1 Re8 11.Rfe1  1/2-1/2

[Event "Leipzig ET17"]
[Site "Leipzig"]
[Date "1978.??.??"]
[Round "4"]
[White "Hausner, Ivan"]
[Black "Vogt, Lothar"]
[Result "0-1"]
[WhiteElo "2365"]
[BlackElo "2520"]

1.d4 Nf6 2.c4 d6 3.Nf3 Nbd7 4.Nc3 g6 5.e4 e5 6.Be2 Bg7 7.O-O O-O 8.Re1 c6
9.Bf1 a5 10.dxe5 dxe5 11.Na4 Re8 12.Qc2 Qe7 13.h3 Nc5 14.Nxc5 Qxc5 15.Be3 Qe7
16.c5 Be6 17.Ng5 Bh6 18.Rad1 Ng4 19.hxg4 Bxg5 20.f3 Bh4 21.Re2 a4 22.b4 axb3
23.axb3 Ra3 24.Rd3 Rea8 25.Red2 Bg3 26.Bf2 Bf4 27.Be3 Bxb3 28.Qc1 Ra1 29.Qc3 Bxe3+
30.Rxe3 Be6 31.Red3 Rb1 32.Rd1 Rxd1 33.Rxd1 Qg5 34.Rb1 Ra7 35.Qd3 Kg7 36.Qc3 Qf4
37.Qd3 h5 38.gxh5 gxh5 39.Qc3 h4 40.Qc1 Qxc1 41.Rxc1 Kf6 42.Kh2 Kg5 43.Bc4 Bxc4
44.Rxc4 Ra5 45.Rc3 Kf4 46.Kh3 Ra1 47.Kh2 Rb1 48.Rd3 f5 49.exf5 Kxf5 50.Rd7 e4
51.fxe4+ Kxe4 52.Kh3 Rh1+ 53.Kg4 Rh2 54.Re7+ Kd5 55.Kf3 h3 56.Rxb7 Rxg2 57.Rh7 Rh2
58.Rh5+ Kc4 59.Kg3 Rh1 60.Kf2 Kb5 61.Kg3 h2 62.Kg2 Rc1 63.Kxh2 Rxc5 64.Rh3 Rg5
65.Rb3+ Kc4 66.Rb1 c5 67.Rc1+ Kd3  0-1

[Event "Leipzig ET17"]
[Site "Leipzig"]
[Date "1978.??.??"]
[Round "11"]
[White "Baumbach, Friedrich"]
[Black "Vogt, Lothar"]
[Result "1/2-1/2"]
[WhiteElo "2375"]
[BlackElo "2520"]

1.d4 d6 2.c4 e5 3.Nf3 Nd7 4.Nc3 Ngf6 5.e4 g6 6.Be2 Bg7 7.O-O O-O 8.Re1 c6
9.Bf1 exd4 10.Nxd4 Re8 11.Nc2 Ne5 12.Rb1 Be6 13.b3 Nfg4 14.h3 Qh4 15.g3 Qf6
16.f4 Nxc4 17.bxc4 Qxc3 18.Rb3 Qa5 19.hxg4 Qxa2 20.Ra3 Qb1 21.f5 Bc8 22.Qd3 Qb6+
23.Be3 Qd8 24.Bf4 Bf8 25.Raa1 b5 26.cxb5 cxb5 27.Qxb5 Bd7 28.Qd5 Qb6+ 29.Be3 Qc7
30.Nd4 Bg7 31.Bc4 Kh8 32.Qxf7 d5 33.Bxd5 Rf8 34.Kg2 Rxf7 35.Bxf7 Bc6 36.Nxc6 Qxf7
37.Rxa7 Rxa7 38.Nxa7 Qb7 39.Kf3 Be5 40.Rc1 h5 41.Nc6  1/2-1/2

[Event "Makarczyk mem"]
[Site "Lodz"]
[Date "1978.??.??"]
[Round "3"]
[White "Luczak, Andrzej"]
[Black "Pokojowczyk, Jerzy"]
[Result "1-0"]
[WhiteElo "2200"]
[BlackElo "2385"]

1.d4 Nf6 2.c4 g6 3.Nc3 Bg7 4.e4 d6 5.Nf3 O-O 6.Be2 Nbd7 7.O-O e5 8.Re1 c6
9.Bf1 exd4 10.Nxd4 Re8 11.Nc2 Nc5 12.f3 Ne6 13.Be3 Nh5 14.Qd2 f5 15.exf5 gxf5
16.Bf2 Be5 17.g3 f4 18.g4 Nhg7 19.Rad1 h5 20.h3 Ng5 21.Bg2 Be6 22.c5 hxg4
23.hxg4 Qf6 24.cxd6 Bd7 25.Bd4 Bxd4+ 26.Qxd4 Qg6 27.Qd2 Nf5 28.Qxf4 Nh4 29.Qg3 Nxg2
30.Qxg2 Rf8 31.Nd4 Rf6 32.Ne4 Nxe4 33.Rxe4 Rxd6 34.Rde1 Rf8 35.Qe2 Qf7 36.Qe3 Qf6
37.Re5 Rf7 38.Kg2 Qh6 39.Qxh6 Rxh6 40.Re7 Rd6 41.Nb3 Kf8 42.Rxf7+ Kxf7 43.Nc5 Bc8
44.Ne4 Rd5 45.Kg3 b6 46.f4 c5 47.f5 b5 48.Kf4 c4 49.Rh1 Kg7 50.Rh7+  1-0

[Event "Makarczyk mem"]
[Site "Lodz"]
[Date "1978.??.??"]
[Round "7"]
[White "Lengyel, Levente"]
[Black "Swic, Waldemar"]
[Result "1/2-1/2"]
[WhiteElo "2430"]
[BlackElo "2200"]

1.Nf3 g6 2.c4 Nf6 3.Nc3 Bg7 4.e4 d6 5.d4 O-O 6.Be2 e5 7.d5 a5 8.Bg5 h6 9.Bh4 Na6
10.Nd2 Nc5 11.O-O Bd7 12.Qc2 Qe7 13.Nb3 b6 14.Nxc5 bxc5 15.b3 Nh7 16.f3 f5
17.exf5 gxf5 18.Rab1 Bf6 19.Bf2 Qf7  1/2-1/2

[Event "Makarczyk mem"]
[Site "Lodz"]
[Date "1978.??.??"]
[Round "11"]
[White "Adamski, Jan"]
[Black "Pokojowczyk, Jerzy"]
[Result "1-0"]
[WhiteElo "2470"]
[BlackElo "2385"]

1.c4 Nf6 2.Nf3 g6 3.Nc3 Bg7 4.e4 d6 5.d4 O-O 6.Be2 Nbd7 7.O-O e5 8.Qc2 c6
9.Be3 Qe7 10.Rad1 h6 11.h3 exd4 12.Bxd4 Re8 13.Rfe1 a5 14.b3 g5 15.Bf1 Ne5
16.Nxe5 dxe5 17.Be3 Be6 18.Na4 Nd7 19.Be2 Bf8 20.Bg4 Bxg4 21.hxg4 b5 22.cxb5 cxb5
23.Nc3 Nf6 24.Nd5 Nxd5 25.Rxd5 a4 26.Rxb5 Qd7 27.bxa4 Qxg4 28.a5 Rac8 29.Qa4 h5
30.a6 h4 31.Qd1 Qxe4 32.Bxg5 Qc6 33.Rbxe5  1-0

[Event "Aaronson"]
[Site "London"]
[Date "1978.??.??"]
[Round "8"]
[White "Goodman, David SC"]
[Black "MacPherson, HD."]
[Result "1-0"]
[WhiteElo "2320"]
[BlackElo "2315"]

1.d4 Nf6 2.c4 g6 3.Nc3 Bg7 4.e4 d6 5.Be2 O-O 6.Nf3 e5 7.O-O Nbd7 8.d5 h6
9.Ne1 Nc5 10.Qc2 a5 11.b3 Nh7 12.Nd3 b6 13.f3 f5 14.Nf2 f4 15.Bd2 g5 16.a3 h5
17.Rfb1 Bd7 18.b4 Nb7 19.h3 Bh6 20.Nb5 Kh8 21.Bc3 g4 22.fxg4 Ng5 23.Bf3 Nxf3+
24.gxf3 Qh4 25.Kf1 axb4 26.axb4 hxg4 27.hxg4 Qg3 28.Ke2 Rxa1 29.Rxa1 Qg2
30.Rh1 Kg7 31.Be1 Ra8 32.Qb2 Nd8 33.Nxc7 Rc8 34.c5 Rxc7 35.cxd6 Rc2+ 36.Qxc2 Bb5+
37.Kd2 Qxf3 38.Kc1 Qe3+ 39.Kb1 f3 40.Rxh6 Kxh6 41.Bd2  1-0

[Event "Lone Pine op"]
[Site "Lone Pine"]
[Date "1978.??.??"]
[Round "2"]
[White "Panno, Oscar"]
[Black "Fedorowicz, John P"]
[Result "1/2-1/2"]
[WhiteElo "2580"]
[BlackElo "2395"]

1.Nf3 g6 2.c4 Bg7 3.d4 Nf6 4.Nc3 O-O 5.e4 d6 6.Be2 e5 7.d5 a5 8.Bg5 h6 9.Bh4 Qe8
10.Nd2 Nh7 11.O-O Na6 12.Kh1 f5 13.exf5 gxf5 14.Bh5 Qd7 15.f4 e4 16.h3 Nc5
17.g4 Nf6 18.Bxf6 Rxf6 19.Qe2 Qe7 20.Rae1 Rf8 21.gxf5 Bxf5 22.Bg4 Qh4 23.Ncxe4 Bxg4
24.Qxg4 Qxg4 25.hxg4 Nd3 26.Re3 Nxf4 27.Ng3 Ng6 28.Nf5  1/2-1/2

[Event "Lone Pine op"]
[Site "Lone Pine"]
[Date "1978.??.??"]
[Round "5"]
[White "Petursson, Margeir"]
[Black "Sahovic, Dragutin"]
[Result "1/2-1/2"]
[WhiteElo "2350"]
[BlackElo "2490"]

1.c4 g6 2.d4 Bg7 3.e4 d6 4.Nc3 Nf6 5.Be2 O-O 6.Nf3 e5 7.dxe5 dxe5 8.Qxd8 Rxd8
9.Bg5 Re8 10.O-O-O Nc6 11.Nd5 Nxd5 12.cxd5 Nd4 13.Nxd4 exd4 14.Bd3 Bd7 15.Kb1 c5
16.dxc6 bxc6 17.Rc1 Bf8 18.Bf6 c5 19.h4 h5 20.f3 Rab8 21.g4 hxg4 22.h5 gxf3
23.e5 Bf5 24.Bxf5 gxf5 25.h6 Kh7 26.Rcg1 c4 27.Rg8 Be7 28.Rg7+ Kh8  1/2-1/2

[Event "Lone Pine op"]
[Site "Lone Pine"]
[Date "1978.??.??"]
[Round "5"]
[White "Coudari, Camille"]
[Black "Weinstein, Norman"]
[Result "1/2-1/2"]
[WhiteElo "2350"]
[BlackElo "2475"]

1.d4 Nf6 2.Nf3 g6 3.c4 Bg7 4.Nc3 O-O 5.e4 d6 6.Be2 Nbd7 7.O-O e5 8.Re1 c6
9.h3 Re8 10.Bf1 exd4 11.Nxd4 Nc5 12.f3 Qb6 13.Kh1 Nh5 14.Nde2 Be6 15.g4 Bxc4
16.gxh5 Nd3 17.Qd2 d5 18.Ng1 Nxe1 19.Qxe1 Bxf1 20.Qxf1 Rad8 21.exd5 cxd5
22.Qd1 d4 23.Ne4 f5 24.Nd2 d3 25.hxg6 hxg6 26.Kg2 Bd4 27.Qb3+ Qxb3 28.Nxb3 Re1
29.Bd2 Rxa1 30.Nxa1 Bxb2 31.Nb3 Rc8 32.Kf2 Rc2 33.Ke3 Ba3 34.Kxd3 Rxa2 35.Ne2 Bf8
36.Nc3 Ra6 37.Nb5 Rb6 38.Kc4 Rc6+ 39.Kd5 a6 40.N5d4 Rd6+ 41.Kc4 b5+ 42.Kd3 Bg7
43.Bb4 Rd5 44.Bc3 Kf7 45.f4 Rd8 46.h4 Bf6  1/2-1/2

[Event "Lone Pine op"]
[Site "Lone Pine"]
[Date "1978.??.??"]
[Round "5"]
[White "Arnason, Asgeir T"]
[Black "Taulbut, Shaun M"]
[Result "0-1"]
[WhiteElo "2350"]
[BlackElo "2405"]

1.d4 g6 2.c4 Bg7 3.Nf3 d6 4.Nc3 Nf6 5.e4 O-O 6.Be2 e5 7.d5 a5 8.Bg5 h6 9.Bh4 Qe8
10.Nb5 Na6 11.Bxf6 Bxf6 12.Qd2 Bg7 13.Qxa5 f5 14.Nd2 Qd8 15.O-O fxe4 16.Nxe4 Bf5
17.f3 Bxe4 18.fxe4 Rf4 19.Bf3 h5 20.g3 Rf8 21.Bg2 Bh6 22.Bh3 Qe7 23.Nc3 Bd2
24.Rad1 Rxf1+ 25.Bxf1 Qg5 26.Bg2 Qe3+ 27.Kh1 Bxc3 28.Qxc3 Qxc3 29.bxc3 Nc5
30.Rf1 Kg7 31.Rf2 Ra3 32.Rc2 Ra4 33.Kg1 Rxc4 34.Kf2 Nxe4+ 35.Bxe4 Rxe4 36.c4 b6
37.h3 Kf6 38.Kf3 Re1 39.Rc3 e4+ 40.Kf2 Ra1 41.Ra3 Rc1 42.Ra4 Ke5 43.g4 hxg4
44.hxg4 Kf4 45.Ke2 Rc2+ 46.Kd1 Rh2 47.Ra7 e3 48.Rxc7 Ke4 49.Ra7 Rg2 50.Ra4 Kf3
51.Ra7 Rg1+ 52.Kc2 e2  0-1

[Event "Lone Pine op"]
[Site "Lone Pine"]
[Date "1978.??.??"]
[Round "9"]
[White "Sahovic, Dragutin"]
[Black "Biyiasas, Peter"]
[Result "1/2-1/2"]
[WhiteElo "2490"]
[BlackElo "2405"]

1.d4 Nf6 2.c4 g6 3.Nc3 Bg7 4.e4 d6 5.Nf3 O-O 6.Be2 e5 7.Be3 Ng4 8.Bg5 f6
9.Bc1 Nc6 10.h3 Nh6 11.Be3 Nf7 12.d5 Ne7 13.g4 c5 14.Qc2 Bh6 15.Bxh6 Nxh6
16.O-O-O Nf7 17.Rdg1 g5 18.h4 h6 19.h5 Bd7 20.Nh2 Qa5 21.Kd2 a6 22.Ra1 b5
23.a3 Rfb8 24.Rhb1 Qb6 25.Ke1 b4 26.axb4 cxb4 27.Na4 b3 28.Qd2 Qb4 29.Qxb4 Rxb4
30.Nc3 Nc8 31.c5 dxc5 32.Rxa6 Rxa6 33.Bxa6 Nb6 34.f3 Nd6 35.Be2 Na4 36.Nxa4 Rxa4
37.Nf1 Kf8 38.Ne3 c4 39.Nd1 Ra5 40.Rc1 Bb5 41.Nc3 Ba6 42.Kd2 Ke7 43.Rd1 Kd7
44.Rc1 Kc7 45.Nb1 Kb6 46.Na3 Kc5  1/2-1/2

[Event "Rubinstein mem"]
[Site "Polanica Zdroj"]
[Date "1978.??.??"]
[Round "4"]
[White "Bielczyk, Jacek"]
[Black "Sznapik, Aleksander"]
[Result "1/2-1/2"]
[WhiteElo "2380"]
[BlackElo "2430"]

1.e4 g6 2.d4 Bg7 3.Nf3 d6 4.Be2 Nd7 5.O-O e5 6.c4 Ngf6 7.Nc3 O-O 8.Qc2 h6
9.Rd1 exd4 10.Nxd4 Re8 11.Bf1 c6 12.Bf4 Qe7 13.Qd2 Nc5 14.f3 g5 15.Bg3 Nh5
16.Nxc6 Qc7 17.Nd4 Nxg3 18.hxg3 d5 19.cxd5 Qxg3 20.Qf2 Qe5 21.Bb5 Rd8 22.Rac1  1/2-1/2

[Event "Reykjavik"]
[Site "Reykjavik"]
[Date "1978.??.??"]
[Round "?"]
[White "Smejkal, Jan"]
[Black "Olafsson, Fridrik"]
[Result "0-1"]
[WhiteElo "2555"]
[BlackElo "2530"]

1.c4 Nf6 2.Nc3 g6 3.Nf3 Bg7 4.e4 d6 5.d4 O-O 6.Be2 e5 7.O-O c6 8.Qc2 Nbd7
9.Rd1 Qe7 10.Rb1 exd4 11.Nxd4 Nc5 12.f3 Nh5 13.Bf1 f5 14.b4 fxe4 15.bxc5 dxc5
16.Nde2 exf3 17.gxf3 Rxf3 18.Qe4 Qf8 19.Bg5 Rxc3 20.Be7 Nf6 21.Bxf8 Nxe4
22.Rd8 Rf3 23.Bxc5+ Kf7 24.Bg2 Nxc5 25.Bxf3 Bf6 26.Rd2 Bf5 27.Rbd1 Bg5 28.Rb2 Bf6
29.Rbd2 Bg5 30.Rb2 Re8 31.Nd4 Bh3 32.Bg2 Bg4 33.Bf3 Bc8 34.Kg2 Re3 35.Rf2 Bf6
36.Rc2 Nd3 37.Ne2 Bh3+ 38.Kxh3 Nf2+ 39.Kg2 Nxd1 40.Rd2 Nb2 41.c5 Na4 42.Rc2 Re5
43.Rc4 Nxc5  0-1

[Event "Roskilde"]
[Site "Roskilde"]
[Date "1978.??.??"]
[Round "3"]
[White "Helmers, Knut J"]
[Black "Kristiansen, Jens"]
[Result "1/2-1/2"]
[WhiteElo "2345"]
[BlackElo "2395"]

1.Nf3 Nf6 2.c4 g6 3.Nc3 Bg7 4.e4 d6 5.d4 O-O 6.Be2 e5 7.O-O exd4 8.Nxd4 Re8
9.f3 c6 10.Kh1 d5 11.exd5 cxd5 12.c5 Nc6 13.Nb3 d4 14.Nb5 Nd5 15.Nd6 Ne3
16.Bxe3 Rxe3 17.Bc4 Be6 18.Bxe6 Rxe6 19.f4 Re3 20.Nd2 b5 21.a4 a6 22.axb5  1/2-1/2